| 000 | 00746nam a2200265Ia 4500 | ||
|---|---|---|---|
| 003 | OSt | ||
| 005 | 20220918182215.0 | ||
| 006 | a|||||r|||| 00| 0 | ||
| 007 | ta | ||
| 008 | 220917b |||||||| |||| 00| 0 eng d | ||
| 024 | _a31,242 | ||
| 037 | _cTextual | ||
| 040 |
_aARTS _cARTS _beng |
||
| 041 |
_2eng _aeng |
||
| 082 | _aO111,6L09, L1 | ||
| 100 | _aJohnson Samuel | ||
| 245 | 0 |
_aHistory of Rasselas _b prince of Abissinia ed by Geoffrey Tillotson and Brian Jenkins |
|
| 260 |
_aLondon _bOUP _c1971 |
||
| 300 |
_axxx,145p. _ccm. |
||
| 490 | _aOxford english novel | ||
| 500 | _abib pxxv-xxvii | ||
| 650 | _aENGLISH LITERATURE | ||
| 942 |
_hO111,6L09, L1 _cTEXL _2CC |
||
| 999 |
_c168185 _d168185 |
||